000 00394nam a2200157 i 4500
001 bg
100 1 _aFrommhold, Hasenjäger.
245 1 0 _aBauwörterbuch:
_bBegriffsbestimmungen aus dem Bauwesen.
260 _aDüsseldorf :
_bWerner-Verlag,
_c1967.
300 _as. 272.
040 _cBPK
041 _apol
080 _a69.001.4
942 _cKS
008 s pl f |000 0 pol
999 _c8497
_d8497
856 _uhttp://koha.tu.koszalin.pl/cgi-bin/koha/opac-detail.pl?biblionumber=8497
_yKatalog online BPK